[Event "Juegos Univers 31st (Women) op"]
[Site "Pereira"]
[Date "2024.09.30"]
[Round "5"]
[White "Tipiani Martinez, Paula Sofia"]
[Black "Dangond Tarazona, Camila Ivanna"]
[Result "1-0"]
[WhiteElo "1702"]
[BlackElo "1598"]
[PlyCount "49"]
[EventDate "2024.09.28"]
[EventType "swiss"]
[EventRounds "7"]
[EventCountry "COL"]
[SourceTitle "EXT 2025"]
[Source "ChessBase"]
[SourceDate "2024.10.14"]
[SourceVersion "1"]
[SourceVersionDate "2024.10.14"]
[SourceQuality "1"]

1. e4 e6 2. d4 d5 3. Nc3 Nf6 4. e5 Nfd7 5. f4 c5 6. Nf3 Nc6 7. Be3 Qa5 8. Be2 Qb4 9. 0-0 Qxb2 10. Nb5 Kd8 11. Ng5 Ke7 12. f5 f6 13. Nxe6 cxd4 14. Bc1 Qxa1 15. Ba3+ Kf7 16. Qxa1 fxe5 17. Bxf8 Nxf8 18. Nbc7 Rb8 19. Bh5+ Kg8 20. Qd1 Ne7 21. Qg4 Nxe6 22. Nxe6 Bxe6 23. fxe6 Rf8 24. Bf7+ Rxf7 25. Rxf7 1-0

[Event "Juegos Univers 31st (Women) blitz op"]
[Site "Pereira"]
[Date "2024.09.25"]
[Round "4"]
[White "Munoz Hoyos, Karen Estefania"]
[Black "Tipiani Martinez, Paula Sofia"]
[Result "0-1"]
[WhiteElo "1596"]
[BlackElo "1702"]
[PlyCount "60"]
[EventDate "2024.09.25"]
[EventType "swiss"]
[EventRounds "14"]
[EventCountry "COL"]
[SourceTitle "EXT 2025"]
[Source "ChessBase"]
[SourceDate "2024.10.14"]
[SourceVersion "1"]
[SourceVersionDate "2024.10.14"]
[SourceQuality "1"]

1. d4 Nf6 2. e3 g6 3. Bd3 Bg7 4. c3 d5 5. f4 Nbd7 6. Nf3 c5 7. 0-0 c4 8. Bc2 Ne4 9. Ne5 Nxe5 10. fxe5 0-0 11. Nd2 Bf5 12. Nxe4 Bxe4 13. Bxe4 dxe4 14. Bd2 b5 15. a4 Qb6 16. a5 Qc6 17. b3 a6 18. b4 f5 19. Qe2 Bh6 20. g3 g5 21. Qh5 f4 22. Qg4 Qg6 23. h3 fxg3 24. Qxg3 Rf7 25. Rf2 Raf8 26. Raf1 Rxf2 27. Rxf2 Rxf2 28. Qxf2 g4 29. hxg4 Qxg4+ 30. Qg2 Qxg2+ 0-1

[Event "Juegos Univers 31st (Women) blitz op"]
[Site "Pereira"]
[Date "2024.09.25"]
[Round "2"]
[White "Tipiani Martinez, Paula Sofia"]
[Black "Manzano Gomez, Valentina"]
[Result "0-1"]
[WhiteElo "1702"]
[BlackElo "1803"]
[PlyCount "58"]
[EventDate "2024.09.25"]
[EventType "swiss"]
[EventRounds "14"]
[EventCountry "COL"]
[SourceTitle "EXT 2025"]
[Source "ChessBase"]
[SourceDate "2024.10.14"]
[SourceVersion "1"]
[SourceVersionDate "2024.10.14"]
[SourceQuality "1"]

1. e4 c5 2. Nf3 Nc6 3. d4 cxd4 4. Nxd4 Nf6 5. Nc3 d6 6. h3 a6 7. g4 h6 8. Bg2 e6 9. Nde2 Be7 10. Ng3 Qc7 11. 0-0 Bd7 12. a3 g5 13. b4 Ne5 14. Bb2 Nc4 15. Qc1 Nxb2 16. Qxb2 Rc8 17. Nce2 Qxc2 18. Qxc2 Rxc2 19. f4 0-0 20. fxg5 hxg5 21. Nd4 Rc4 22. Rad1 Rfc8 23. Rf2 Ba4 24. Rdf1 Rxd4 25. Nh5 Nxh5 26. Rxf7 Bf6 27. gxh5 Kxf7 28. e5 dxe5 29. Bxb7 Rc2 0-1

[Event "Juegos Univers 31st (Women) blitz op"]
[Site "Pereira"]
[Date "2024.09.25"]
[Round "3"]
[White "Tipiani Martinez, Paula Sofia"]
[Black "Munoz Hoyos, Karen Estefania"]
[Result "1-0"]
[WhiteElo "1702"]
[BlackElo "1596"]
[PlyCount "41"]
[EventDate "2024.09.25"]
[EventType "swiss"]
[EventRounds "14"]
[EventCountry "COL"]
[SourceTitle "EXT 2025"]
[Source "ChessBase"]
[SourceDate "2024.10.14"]
[SourceVersion "1"]
[SourceVersionDate "2024.10.14"]
[SourceQuality "1"]

1. e4 b6 2. d4 Bb7 3. Nc3 e6 4. f4 Bb4 5. Qd3 Nf6 6. e5 Bxc3+ 7. Qxc3 Nd5 8. Qd3 Ba6 9. Qg3 g6 10. Bxa6 Nxa6 11. Nf3 c5 12. 0-0 cxd4 13. Nxd4 Qc7 14. c3 h5 15. Kh1 Nc5 16. Nb5 Qc6 17. Nd6+ Ke7 18. Qg5+ f6 19. Qxg6 Raf8 20. Qg7+ Kd8 21. Nf7+ 1-0

[Event "Juegos Univers 31st (Women) blitz op"]
[Site "Pereira"]
[Date "2024.09.25"]
[Round "9"]
[White "Tipiani Martinez, Paula Sofia"]
[Black "Sanchez Riobo, Emily Dainne"]
[Result "1-0"]
[WhiteElo "1702"]
[BlackElo "1692"]
[PlyCount "92"]
[EventDate "2024.09.25"]
[EventType "swiss"]
[EventRounds "14"]
[EventCountry "COL"]
[SourceTitle "EXT 2025"]
[Source "ChessBase"]
[SourceDate "2024.10.14"]
[SourceVersion "1"]
[SourceVersionDate "2024.10.14"]
[SourceQuality "1"]

1. e4 c6 2. d4 d5 3. Nc3 dxe4 4. Nxe4 Nf6 5. Nxf6+ exf6 6. Bf4 Bd6 7. Bxd6 Qxd6 8. Qd2 Be6 9. 0-0-0 Nd7 10. Nf3 b5 11. Bd3 a5 12. Rhe1 0-0 13. h3 Rfc8 14. g4 h6 15. Nh4 Kf8 16. Nf5 Bxf5 17. Bxf5 Rd8 18. h4 c5 19. g5 hxg5 20. hxg5 cxd4 21. Rh1 g6 22. gxf6 Qxf6 23. Be4 Rac8 24. Qh6+ Qg7 25. Qf4 Nc5 26. Bf3 d3 27. Qe3 Ne6 28. Rxd3 Rxd3 29. Qxd3 Qe5 30. Bg4 Rd8 31. Qh3 Nf4 32. Qh8+ Qxh8 33. Rxh8+ Ke7 34. Rxd8 Kxd8 35. Kd2 Ke7 36. Ke3 Ne6 37. Bxe6 Kxe6 38. Kd4 Kd6 39. f4 f6 40. c3 g5 41. fxg5 fxg5 42. Ke4 Ke6 43. b3 g4 44. Kf4 g3 45. Kxg3 Ke5 46. Kf3 Kd5 1-0

[Event "Rivera Hernandez Memorial-B"]
[Site "Rivera Huila"]
[Date "2023.07.22"]
[Round "5"]
[White "Valencia Escobar, Dario"]
[Black "Tipiani Martinez, Paula Sofia"]
[Result "1-0"]
[WhiteElo "1845"]
[BlackElo "1403"]
[PlyCount "49"]
[EventDate "2023.07.20"]
[EventType "swiss"]
[EventRounds "7"]
[EventCountry "COL"]
[SourceTitle "CBM 215 Extra"]
[Source "ChessBase"]
[SourceDate "2023.09.30"]
[SourceVersion "1"]
[SourceVersionDate "2023.09.30"]
[SourceQuality "1"]

1. e4 e5 2. Nf3 Nc6 3. Bc4 Nf6 4. d3 d6 5. c3 Be7 6. Bg5 h6 7. Bh4 g5 8. Bg3 Bg4 9. h3 Bh5 10. Nbd2 Qd7 11. b4 g4 12. hxg4 Bxg4 13. Qb3 Bf8 14. Ng5 Nd8 15. Ngf3 Bg7 16. Nh4 Ne6 17. f3 Nh5 18. Bf2 Nef4 19. fxg4 Nf6 20. Nf5 0-0-0 21. 0-0-0 Nxg4 22. Bxa7 d5 23. Bxd5 Nxd5 24. Qxd5 Qa4 25. Ne7# 1-0

[Event "COL-ch U20 Girls"]
[Site "Cali"]
[Date "2023.06.23"]
[Round "2"]
[White "Mogollon Tobar, Nicolle Juliet"]
[Black "Tipiani Martinez, Paula Sofia"]
[Result "1-0"]
[WhiteElo "1890"]
[BlackElo "1423"]
[PlyCount "49"]
[EventDate "2023.06.22"]
[EventType "swiss"]
[EventRounds "7"]
[EventCountry "COL"]
[SourceTitle "CBM 214 Extra"]
[Source "ChessBase"]
[SourceDate "2023.07.31"]
[SourceVersion "1"]
[SourceVersionDate "2023.07.31"]
[SourceQuality "1"]

1. e4 e5 2. Nf3 Nc6 3. Bb5 a6 4. Ba4 b5 5. Bb3 d6 6. 0-0 Bg4 7. c3 Qf6 8. d3 h5 9. Bg5 Qg6 10. Bd5 Kd7 11. Nbd2 f6 12. Bxc6+ Kxc6 13. Be3 h4 14. a4 Bh3 15. Ne1 Bxg2 16. Nxg2 h3 17. Qf3 hxg2 18. Qxg2 Qh5 19. axb5+ Kxb5 20. d4 Ne7 21. d5 c5 22. b4 a5 23. bxc5 dxc5 24. Rfb1+ Ka6 25. Qf1+ 1-0

[Event "COL-ch U18 Girls"]
[Site "Bogota"]
[Date "2023.05.14"]
[Round "6"]
[White "Tipiani Martinez, Paula Sofia"]
[Black "Agudelo Zapata, Yarli Alejandra"]
[Result "1/2-1/2"]
[WhiteElo "1369"]
[BlackElo "1453"]
[PlyCount "62"]
[EventDate "2023.05.11"]
[EventType "swiss"]
[EventRounds "7"]
[EventCountry "COL"]
[SourceTitle "CBM 214 Extra"]
[Source "ChessBase"]
[SourceDate "2023.07.31"]
[SourceVersion "1"]
[SourceVersionDate "2023.07.31"]
[SourceQuality "1"]

1. e4 c5 2. Nf3 e6 3. d4 cxd4 4. Nxd4 Nf6 5. Bd3 Nc6 6. Nxc6 bxc6 7. 0-0 d5 8. e5 Nd7 9. f4 Nc5 10. Be2 Ne4 11. Be3 Bc5 12. Bxc5 Nxc5 13. b3 Ne4 14. Qe1 Qb6+ 15. Kh1 Ba6 16. Bxa6 Qxa6 17. Nd2 Nxd2 18. Qxd2 g6 19. a4 Rb8 20. g4 Kd7 21. f5 Rbf8 22. Qb4 exf5 23. Qd6+ Kc8 24. gxf5 Rd8 25. Qf6 Rhf8 26. Qg7 Qe2 27. Rae1 Qxc2 28. fxg6 Qxg6 29. Rg1 Qxg7 30. Rxg7 d4 31. Rc1 Kb7 1/2-1/2

[Event "COL-ch U18 Girls"]
[Site "Bogota"]
[Date "2023.05.12"]
[Round "2"]
[White "Rodriguez Lara, Laura Sofia"]
[Black "Tipiani Martinez, Paula Sofia"]
[Result "0-1"]
[WhiteElo "1156"]
[BlackElo "1369"]
[PlyCount "106"]
[EventDate "2023.05.11"]
[EventType "swiss"]
[EventRounds "7"]
[EventCountry "COL"]
[SourceTitle "CBM 214 Extra"]
[Source "ChessBase"]
[SourceDate "2023.07.31"]
[SourceVersion "1"]
[SourceVersionDate "2023.07.31"]
[SourceQuality "1"]

1. e4 e5 2. Nf3 Nc6 3. Bc4 Nf6 4. d3 Bc5 5. c3 0-0 6. Nbd2 d5 7. exd5 Nxd5 8. Ne4 Bb6 9. 0-0 Bg4 10. h3 Bh5 11. Ng3 Bg6 12. Re1 Qd6 13. Bb3 Nf4 14. Nxe5 Nxd3 15. Nxd3 Qxg3 16. Be3 Qd6 17. Nf4 Bxe3 18. Qxd6 Bxf2+ 19. Kxf2 cxd6 20. Nxg6 hxg6 21. Rad1 Rfd8 22. Re3 Kf8 23. Bd5 Rac8 24. b4 Rc7 25. a4 Ne5 26. Rd4 Rdc8 27. Bf3 b6 28. Rxd6 Nc4 29. Red3 Nxd6 30. Rxd6 Rxc3 31. b5 Ke7 32. Rd1 Rc2+ 33. Kg3 f6 34. Bc6 Rc3+ 35. Kh2 R8xc6 36. bxc6 Rxc6 37. Rd4 Ke6 38. Kg3 Rc3+ 39. Kf2 Ra3 40. h4 a5 41. Rc4 Kd6 42. Rg4 Kc5 43. g3 g5 44. hxg5 fxg5 45. Rxg5+ Kb4 46. Rb5+ Kxa4 47. Rxb6 Rb3 48. Ra6 Rb5 49. Ke3 Kb3 50. Kd2 Rg5 51. Ke2 a4 52. Rb6+ Kc4 53. Rb2 Rxg3 0-1

[Event "COL-ch U18 Girls"]
[Site "Bogota"]
[Date "2023.05.11"]
[Round "1"]
[White "Cotrino Torres, Lineth Sofia"]
[Black "Tipiani Martinez, Paula Sofia"]
[Result "1-0"]
[WhiteElo "1567"]
[BlackElo "1369"]
[PlyCount "61"]
[EventDate "2023.05.11"]
[EventType "swiss"]
[EventRounds "7"]
[EventCountry "COL"]
[SourceTitle "CBM 214 Extra"]
[Source "ChessBase"]
[SourceDate "2023.07.31"]
[SourceVersion "1"]
[SourceVersionDate "2023.07.31"]
[SourceQuality "1"]

1. e4 e5 2. Nf3 Nc6 3. Bc4 Nf6 4. d3 Bc5 5. Be3 Bxe3 6. fxe3 d6 7. c3 Bg4 8. Bb3 Qd7 9. Nbd2 d5 10. Bc2 0-0-0 11. Qe2 dxe4 12. dxe4 Bxf3 13. gxf3 g5 14. 0-0-0 g4 15. Rhg1 Rhg8 16. f4 Qe6 17. Bb3 Qe7 18. f5 Qc5 19. Bxf7 Rg7 20. Be6+ Kb8 21. Nb3 Qb6 22. Rxd8+ Nxd8 23. Qd3 Nxe6 24. fxe6 Kc8 25. Rd1 c6 26. Qd6 Qxe3+ 27. Kb1 Qxe4+ 28. Ka1 b6 29. Qf8+ Ne8 30. Qxe8+ Kb7 31. e7 1-0

[Event "Ibague Blitz op"]
[Site "Ibague"]
[Date "2022.10.08"]
[Round "9"]
[White "Franco, Marcos"]
[Black "Tipiani Martinez, Paula Sofia"]
[Result "1-0"]
[WhiteElo "1587"]
[BlackElo "1217"]
[PlyCount "55"]
[EventDate "2022.10.08"]
[EventType "swiss (blitz)"]
[EventRounds "9"]
[EventCountry "COL"]
[SourceTitle "CBM 210 Extra"]
[Source "ChessBase"]
[SourceDate "2022.11.30"]
[SourceVersion "1"]
[SourceVersionDate "2022.11.30"]
[SourceQuality "1"]

1. d4 Nf6 2. Bf4 g6 3. Nc3 Bg7 4. e4 d6 5. Qd2 Nbd7 6. Bh6 0-0 7. f3 Re8 8. 0-0-0 Bh8 9. h4 c5 10. dxc5 Nxc5 11. h5 Qb6 12. hxg6 fxg6 13. Be3 Qc6 14. Bb5 Qb6 15. Bc4+ e6 16. a3 Nfxe4 17. fxe4 Nxe4 18. Bxb6 Nxd2 19. Rxd2 axb6 20. Nf3 d5 21. Bb5 Rd8 22. a4 Bxc3 23. bxc3 Bd7 24. Bxd7 Rxd7 25. Rd4 b5 26. Kd2 bxa4 27. Ra1 b5 28. Ne5 1-0

[Event "Ibague Blitz op"]
[Site "Ibague"]
[Date "2022.10.08"]
[Round "2"]
[White "Tipiani Martinez, Paula Sofia"]
[Black "Gonzalez Uruena, Jose Mauricio"]
[Result "1-0"]
[WhiteElo "1217"]
[BlackElo "1815"]
[PlyCount "59"]
[EventDate "2022.10.08"]
[EventType "swiss (blitz)"]
[EventRounds "9"]
[EventCountry "COL"]
[SourceTitle "CBM 210 Extra"]
[Source "ChessBase"]
[SourceDate "2022.11.30"]
[SourceVersion "1"]
[SourceVersionDate "2022.11.30"]
[SourceQuality "1"]

1. e4 c5 2. Nf3 d6 3. d4 cxd4 4. Nxd4 Nf6 5. Nc3 a6 6. h3 e6 7. g4 Be7 8. Bg2 Nbd7 9. Nde2 Rb8 10. Ng3 b5 11. a3 Ne5 12. 0-0 Bb7 13. Kh2 Qb6 14. f4 Nc4 15. g5 Nd7 16. f5 0-0 17. f6 gxf6 18. gxf6 Bxf6 19. Bh6 Ne3 20. Bxe3 Qxe3 21. Nh5 Be5+ 22. Kh1 Kh8 23. Qg4 Rg8 24. Qh4 Rg6 25. Rxf7 Rbg8 26. Raf1 Rxg2 27. Rxh7+ Kxh7 28. Nf6+ Kg6 29. Qh7+ Kg5 30. h4# 1-0

[Event "Ibague Blitz op"]
[Site "Ibague"]
[Date "2022.10.08"]
[Round "8"]
[White "Tipiani Martinez, Paula Sofia"]
[Black "Vanegas Henao, Ricardo Javier"]
[Result "1-0"]
[WhiteElo "1217"]
[BlackElo "1833"]
[PlyCount "51"]
[EventDate "2022.10.08"]
[EventType "swiss (blitz)"]
[EventRounds "9"]
[EventCountry "COL"]
[SourceTitle "CBM 210 Extra"]
[Source "ChessBase"]
[SourceDate "2022.11.30"]
[SourceVersion "1"]
[SourceVersionDate "2022.11.30"]
[SourceQuality "1"]

1. e4 c5 2. Nf3 e6 3. d4 cxd4 4. Nxd4 a6 5. Nc3 Qc7 6. h3 Nf6 7. g4 Bb4 8. Qd3 Nxe4 9. Qxe4 Bxc3+ 10. Bd2 Bxd2+ 11. Kxd2 d5 12. Qd3 0-0 13. Rd1 Nd7 14. Kc1 b5 15. h4 Bb7 16. Bg2 Rfc8 17. h5 Bc6 18. g5 Nf8 19. g6 hxg6 20. hxg6 e5 21. Qh3 Nxg6 22. Qh7+ Kf8 23. Nf5 Bd7 24. Qxg7+ Ke8 25. Rh8+ Nxh8 26. Qxh8# 1-0

[Event "COL-ch U18 Girls"]
[Site "Medellin"]
[Date "2022.06.05"]
[Round "8"]
[White "Susunaga Duran, Madelen Fernanda"]
[Black "Tipiani Martinez, Paula Sofia"]
[Result "1-0"]
[WhiteElo "1103"]
[BlackElo "1392"]
[PlyCount "40"]
[EventDate "2022.06.01"]
[EventType "swiss"]
[EventRounds "9"]
[EventCountry "COL"]
[SourceTitle "CBM 208 Extra"]
[Source "ChessBase"]
[SourceDate "2022.07.31"]
[SourceVersion "1"]
[SourceVersionDate "2022.07.31"]
[SourceQuality "1"]

1. e4 e5 2. Nf3 Nc6 3. Bc4 Nf6 4. Nc3 Bc5 5. d3 d6 6. Bg5 h6 7. Bh4 Be6 8. Bb3 Qd7 9. Bxf6 gxf6 10. Nd5 Bxd5 11. Bxd5 0-0-0 12. c3 Bb6 13. Qa4 Qg4 14. Rg1 Rhg8 15. Bxf7 Qxf3 16. Bxg8 Qxd3 17. Qc4 Qxc4 18. Bxc4 Re8 19. Bb5 a6 20. Bxc6 bxc6 1-0

[Event "COL-ch U18 Girls"]
[Site "Medellin"]
[Date "2022.06.04"]
[Round "6"]
[White "Tipiani Martinez, Paula Sofia"]
[Black "Quevedo Bonilla, Paula Thaliana"]
[Result "1-0"]
[WhiteElo "1392"]
[BlackElo "1284"]
[PlyCount "53"]
[EventDate "2022.06.01"]
[EventType "swiss"]
[EventRounds "9"]
[EventCountry "COL"]
[SourceTitle "CBM 208 Extra"]
[Source "ChessBase"]
[SourceDate "2022.07.31"]
[SourceVersion "1"]
[SourceVersionDate "2022.07.31"]
[SourceQuality "1"]

1. e4 e5 2. Nf3 Nc6 3. Bc4 Nf6 4. Nc3 Bc5 5. d3 h6 6. Be3 Bb6 7. Nd5 d6 8. h3 Be6 9. g4 Bxd5 10. exd5 Ne7 11. Bb5+ c6 12. dxc6 bxc6 13. Ba4 Bxe3 14. fxe3 Qb6 15. Qd2 Qxb2 16. 0-0 Qb6 17. Rab1 Qc7 18. Qc3 Nfd5 19. Qd2 0-0 20. c4 Nb6 21. Bc2 Qd7 22. Nh4 h5 23. Nf5 Nxf5 24. gxf5 Qe7 25. f6 gxf6 26. Qe2 Kg7 27. Qg2+ 1-0

[Event "COL-ch U18 Girls"]
[Site "Medellin"]
[Date "2022.06.03"]
[Round "5"]
[White "Briceno Suarez, Elisabet"]
[Black "Tipiani Martinez, Paula Sofia"]
[Result "1-0"]
[WhiteElo "1028"]
[BlackElo "1392"]
[PlyCount "77"]
[EventDate "2022.06.01"]
[EventType "swiss"]
[EventRounds "9"]
[EventCountry "COL"]
[SourceTitle "CBM 208 Extra"]
[Source "ChessBase"]
[SourceDate "2022.07.31"]
[SourceVersion "1"]
[SourceVersionDate "2022.07.31"]
[SourceQuality "1"]

1. e4 e5 2. d4 exd4 3. Qxd4 Nc6 4. Qe3 d6 5. Nc3 Nf6 6. Bd2 g6 7. 0-0-0 Bg7 8. Bc4 0-0 9. h3 a6 10. f4 b5 11. Bb3 Na5 12. Nf3 Nxb3+ 13. cxb3 c5 14. Be1 Qc7 15. e5 dxe5 16. fxe5 Nd7 17. Nd5 Qb8 18. e6 fxe6 19. Qxe6+ Kh8 20. Ng5 Ne5 21. Qb6 Qxb6 22. Nxb6 Rb8 23. Nxc8 Rbxc8 24. Ne6 Bh6+ 25. Kb1 Rfe8 26. Rd6 Rc6 27. Rxc6 Nxc6 28. Nc7 Rd8 29. Bc3+ Kg8 30. Nxa6 b4 31. Bf6 Rd6 32. Bh4 Rd2 33. Nxc5 Be3 34. Ne6 h6 35. g4 Ne5 36. Re1 Nf3 37. Rxe3 Rd1+ 38. Kc2 Rd2+ 39. Kc1 1-0

[Event "COL-ch U1700"]
[Site "Pereira"]
[Date "2022.02.19"]
[Round "7"]
[White "Tipiani Martinez, Paula Sofia"]
[Black "Sanchez Ospina, William"]
[Result "1/2-1/2"]
[WhiteElo "1283"]
[BlackElo "1438"]
[PlyCount "88"]
[EventDate "2022.02.16"]
[EventType "swiss"]
[EventRounds "9"]
[EventCountry "COL"]
[SourceTitle "CBM 207 Extra"]
[Source "ChessBase"]
[SourceDate "2022.05.31"]
[SourceVersion "1"]
[SourceVersionDate "2022.05.31"]
[SourceQuality "1"]

1. e4 d6 2. d4 Nf6 3. Nc3 g6 4. Be3 Bg7 5. Qd2 c6 6. h3 Qa5 7. g4 b5 8. Bg2 Bb7 9. Nge2 b4 10. Nb1 Nbd7 11. Ng3 c5 12. c3 Qb5 13. a4 bxc3 14. Nxc3 Qb4 15. 0-0 0-0 16. dxc5 Nxc5 17. g5 Nfd7 18. Nd5 Qxd2 19. Nxe7+ Kh8 20. Bxd2 Bxb2 21. Ra2 Be5 22. f4 Bd4+ 23. Kh1 Rfe8 24. Nd5 Rac8 25. Nc3 Nb3 26. Nb5 Nxd2 27. Rxd2 Bc5 28. Nxd6 Bxd6 29. Rxd6 Nc5 30. a5 Nxe4 31. Bxe4 Bxe4+ 32. Nxe4 Rxe4 33. Rd7 Kg7 34. Rxa7 Rc3 35. f5 Rxh3+ 36. Kg2 Ra3 37. fxg6 Re2+ 38. Kg1 Kxg6 39. Rfxf7 Ra1+ 40. Rf1 Rxf1+ 41. Kxf1 Ra2 42. a6 Ra5 43. Ra8 Kxg5 44. a7 Kh4 1/2-1/2

[Event "COL-ch U1700"]
[Site "Pereira"]
[Date "2022.02.17"]
[Round "3"]
[White "Tipiani Martinez, Paula Sofia"]
[Black "Valcarcel Sierra, Gustavo"]
[Result "1-0"]
[WhiteElo "1283"]
[BlackElo "1483"]
[PlyCount "104"]
[EventDate "2022.02.16"]
[EventType "swiss"]
[EventRounds "9"]
[EventCountry "COL"]
[SourceTitle "CBM 207 Extra"]
[Source "ChessBase"]
[SourceDate "2022.05.31"]
[SourceVersion "1"]
[SourceVersionDate "2022.05.31"]
[SourceQuality "1"]

1. e4 g6 2. d4 d6 3. f4 e6 4. Nf3 Bg7 5. Nc3 a6 6. Be3 b5 7. a3 Bb7 8. Qd2 Nf6 9. e5 dxe5 10. Nxe5 Nbd7 11. Rg1 Nxe5 12. fxe5 Ng4 13. 0-0-0 Nxe3 14. Qxe3 h5 15. Kb1 c6 16. Ne4 0-0 17. g4 h4 18. g5 Bxe5 19. Nc5 Bxh2 20. Rh1 Qc7 21. Nxb7 Bf4 22. Qf3 Bxg5 23. Nc5 Rfd8 24. Bg2 Rd6 25. Ne4 Be7 26. Nxd6 Qxd6 27. Qxc6 Qxc6 28. Bxc6 Rc8 29. d5 exd5 30. Bxd5 Kg7 31. Bb7 Rb8 32. Bxa6 b4 33. a4 g5 34. Rd7 Bf6 35. Bc4 Rf8 36. Rf1 g4 37. Rf4 g3 38. Rg4+ Kh6 39. Rxf7 Rxf7 40. Bxf7 Be7 41. Kc1 Bc5 42. Rxh4+ Kg5 43. Rh5+ Kg4 44. Rh8 Be3+ 45. Kd1 g2 46. Be6+ Kg3 47. Rg8+ Kf2 48. Rxg2+ Kxg2 49. Ke2 Bd4 50. b3 Kg3 51. Kd3 Bf2 52. Kc4 Kf4 1-0

[Event "COL-ch sf (Women)"]
[Site "Santa Rosa"]
[Date "2021.08.16"]
[Round "8"]
[White "Tipiani Martinez, Paula Sofia"]
[Black "Lopez Mahecha, Natalia"]
[Result "1-0"]
[WhiteElo "1240"]
[BlackElo "1099"]
[PlyCount "69"]
[EventDate "2021.08.12"]
[EventType "swiss"]
[EventRounds "9"]
[EventCountry "COL"]
[SourceTitle "CBM 204 Extra"]
[Source "ChessBase"]
[SourceDate "2021.11.30"]
[SourceVersion "1"]
[SourceVersionDate "2021.11.30"]
[SourceQuality "1"]

1. e4 e5 2. Nf3 Nc6 3. Bc4 Bc5 4. c3 Nf6 5. d4 exd4 6. cxd4 Bb4+ 7. Bd2 Bxd2+ 8. Nbxd2 d5 9. exd5 Nxd5 10. 0-0 0-0 11. Re1 Nb6 12. Re4 Nxc4 13. Nxc4 Qd5 14. Qe2 Bf5 15. Re3 Nxd4 16. Nxd4 Qxd4 17. Rd1 Qf6 18. Re7 Be6 19. Rxc7 Rfc8 20. Rxc8+ Rxc8 21. Nd6 Rd8 22. Nxb7 Rxd1+ 23. Qxd1 Bxa2 24. Qa4 Qe7 25. h3 g6 26. Qxa7 Bd5 27. Qb8+ Kg7 28. Nd8 Qe1+ 29. Kh2 Qxf2 30. Qe5+ f6 31. Qxd5 Qf4+ 32. g3 Qb4 33. Qb7+ Qxb7 34. Nxb7 Kf7 35. Kg2 1-0

[Event "COL-ch sf (Women)"]
[Site "Santa Rosa"]
[Date "2021.08.15"]
[Round "6"]
[White "Guapacha Taborda, Laura Michell"]
[Black "Tipiani Martinez, Paula Sofia"]
[Result "1/2-1/2"]
[WhiteElo "1385"]
[BlackElo "1240"]
[PlyCount "67"]
[EventDate "2021.08.12"]
[EventType "swiss"]
[EventRounds "9"]
[EventCountry "COL"]
[SourceTitle "CBM 204 Extra"]
[Source "ChessBase"]
[SourceDate "2021.11.30"]
[SourceVersion "1"]
[SourceVersionDate "2021.11.30"]
[SourceQuality "1"]

1. e4 e5 2. Nf3 Nc6 3. Bc4 Nf6 4. Nc3 Bc5 5. d3 d6 6. Be3 Bb6 7. Qd2 Be6 8. Bb3 d5 9. exd5 Nxd5 10. Bxd5 Bxd5 11. Nxd5 Qxd5 12. c4 Qe6 13. 0-0 0-0-0 14. Rfd1 Nd4 15. Ng5 Qg6 16. Bxd4 Bxd4 17. a4 f5 18. Nf3 h5 19. Nxd4 Rxd4 20. b4 f4 21. f3 h4 22. h3 Rhd8 23. Qe2 Rxd3 24. Rxd3 Rxd3 25. Qxe5 Rd2 26. g4 hxg3 27. Re1 Qf6 28. Qe8+ Qd8 29. Qe6+ Qd7 30. Qg8+ Qd8 31. Re8 Rd1+ 32. Kg2 Rd2+ 33. Kg1 Rd1+ 34. Kg2 1/2-1/2

[Event "COL-ch sf (Women)"]
[Site "Santa Rosa"]
[Date "2021.08.13"]
[Round "3"]
[White "Tipiani Martinez, Paula Sofia"]
[Black "Penagos, Laura Valentina"]
[Result "0-1"]
[WhiteElo "1240"]
[BlackElo "1600"]
[PlyCount "74"]
[EventDate "2021.08.12"]
[EventType "swiss"]
[EventRounds "9"]
[EventCountry "COL"]
[SourceTitle "CBM 204 Extra"]
[Source "ChessBase"]
[SourceDate "2021.11.30"]
[SourceVersion "1"]
[SourceVersionDate "2021.11.30"]
[SourceQuality "1"]

1. e4 c5 2. Nf3 Nc6 3. d4 cxd4 4. Nxd4 g6 5. Nc3 Bg7 6. Be3 Nf6 7. h3 0-0 8. Qd2 d5 9. Nxc6 bxc6 10. 0-0-0 Be6 11. e5 Nd7 12. f4 f6 13. exf6 exf6 14. g4 f5 15. g5 Qa5 16. Bd4 Bxd4 17. Qxd4 c5 18. Qe3 Rfe8 19. Bg2 d4 20. Qd3 Rab8 21. Nb1 Qxa2 22. Qa3 Qxa3 23. Nxa3 Nb6 24. Rde1 Bd5 25. Bxd5+ Nxd5 26. Nc4 Nxf4 27. h4 Ng2 28. Ref1 Ne3 29. Nxe3 dxe3 30. Re1 f4 31. c3 f3 32. Rhf1 f2 33. Re2 Rbd8 34. Kc2 c4 35. b3 cxb3+ 36. Kxb3 Rd2 37. Rxe3 Rxe3 0-1

[Event "COL-ch Amateur U1700"]
[Site "Paipa"]
[Date "2020.02.27"]
[Round "2"]
[White "Tipiani Martinez, Paula Sofia"]
[Black "Moncada, Duvan Andres"]
[Result "1-0"]
[WhiteElo "1271"]
[BlackElo "1573"]
[PlyCount "73"]
[EventDate "2020.02.26"]
[EventType "swiss"]
[EventRounds "9"]
[EventCountry "COL"]
[SourceTitle "EXT 2021"]
[Source "ChessBase"]
[SourceDate "2020.10.23"]
[SourceVersion "1"]
[SourceVersionDate "2020.10.23"]
[SourceQuality "1"]

1. e4 e5 2. Nf3 Nc6 3. Bc4 Bc5 4. c3 Nf6 5. d4 exd4 6. cxd4 Bb4+ 7. Bd2 Bxd2+ 8. Nbxd2 d5 9. exd5 Nxd5 10. 0-0 0-0 11. Re1 Bg4 12. Qc2 Nce7 13. Qe4 Bh5 14. Nh4 c6 15. Ndf3 Re8 16. Ng5 Ng6 17. Qf5 Qf6 18. Qxf6 gxf6 19. Ngf3 Kf8 20. h3 Rad8 21. g4 Nxh4 22. Nxh4 Bg6 23. Bxd5 Rxd5 24. Rxe8+ Kxe8 25. Re1+ Kd7 26. f4 h5 27. f5 Bh7 28. Re4 Rb5 29. gxh5 Rxb2 30. Ng6 Rxa2 31. Nf8+ Kd8 32. Nxh7 b5 33. h6 b4 34. Nxf6 Ra3 35. Kg2 a5 36. h7 c5 37. h8Q+ 1-0